| 000 | 00000nam##2200000za#4500 |
| 001 | 9.580233 |
| 003 | CaOODSP |
| 005 | 20210624190936 |
| 007 | cr ||||||||||| |
| 008 | 150406|2010||||xxc|||||o f|0| 0 eng|d |
| 022 | |a1488-5387 |
| 040 | |aCaOODSP|beng |
| 043 | |an-cn--- |
| 086 | 1 |aFs97-4/2907E-PDF |
| 110 | 1 |aCanada. |bDepartment of Fisheries and Oceans. |
| 245 | 10|a2009 North Coast (Areas 3 & 4) Creel Survey Statistics for Salmon and Groundfish / |h[electronic resource]|cby V. Van Tongeren and I. Winther. |
| 260 | |aPrince Rupert - British Columbia : |bFisheries and Oceans Canada |c2010. |
| 300 | |a103p.|bfigs., references, tables |
| 490 | 1 |aCanadian manuscript report of fisheries and aquatic sciences|x1488-5387|vNo. 2907 |
| 500 | |aFile reproduced from original print. On t. p. : North Coast Stock Assessment, Prince Rupert, BC. The catalogue number and ISSN for the print edition appear in the PDF version. |
| 546 | |a(Résumés en français) |
| 590 | |a14-14-Supp|b2014-07-24 |
| 720 | 1 |aWinther, I. |
| 720 | 1 |aVan Tongeren, V. |
| 830 | #0|aCanadian manuscript report of fisheries and aquatic sciences,|x1488-5387|vNo. 2907|w(CaOODSP)9.505211 |
| 856 | 40|ahttp://publications.gc.ca|qPDF|s3308 KB|uhttps://publications.gc.ca/collections/collection_2014/mpo-dfo/Fs97-4-2907-eng.pdf|yNo. 2907 |